000 00327nam a22001337a 4500
003 OSt
008 220509b ||||| |||| 00| 0 eng d
100 _aSHUKLA,Haratray
245 _aPandit Neki Ram Abhinandan Granth
260 _aHisar
_bModern Publications
_c2006
300 _a175
650 _aGernal Book
942 _2ddc
_cBK
999 _c11185
_d11185